| 000 | 02021nam a22003374i 4500 | ||
|---|---|---|---|
| 999 |
_c64512 _d64512 |
||
| 001 | 3944343 | ||
| 003 | CO-MdFUSB | ||
| 005 | 20180911110528.0 | ||
| 008 | 931110s1994 mou b 000 0 eng | ||
| 010 | _a 93045000 | ||
| 020 |
_a0570046386 (pbk.) : _c$9.99 |
||
| 040 |
_aDLC _dDLC _bspa _cCO-MdFUSB _erda |
||
| 041 | _aeng | ||
| 082 | 0 | 0 |
_a228.06 _223 _bD271 |
| 100 | 1 |
_aDawn, Marva J. _eautor |
|
| 245 | 1 | 0 |
_aJoy in our weakness _b: a gift of hope from the book of Revelation _c/ Marva J. Dawn. |
| 264 | 1 |
_aSt. Louis, MO : _bConcordia Publishing House, _c℗[1994] |
|
| 264 | 4 | _c©1994 | |
| 300 |
_a224 páginas ; _c23 cm. |
||
| 336 |
_2rdacontent _atexto _btxt |
||
| 337 |
_2rdamedia _asin mediación _bn |
||
| 338 |
_2rdacarrier _avolumen _bnc |
||
| 505 | _aNo tenemos que temerle al Apocalipsis -- El don de la debilidad -- Dios es Dios, y nosotros somos -- Una visión para sostenernos en el sufrimiento: El misterioso propósito de Dios (Ap 1: 1-3,9-11) -- ¿Quién es Cristo por nuestro sufrimiento? (Ap 1: 4-8) -- ¿Quién es el Hijo del Hombre? (Ap 1: 12-20) -- Defectos y Virtudes (Ap 2-3) -- Éfeso: Perdiendo Nuestro Primer Amor (Ap 2: 1-7) -- Esmirna: Limitaciones del Sufrimiento (Ap 2: 8-11) -- Pérgamo : La importancia de la Palabra (Ap 2: 12-17) -- Tiatira: Autoridad verdadera (Ap 2: 18-29) -- Sardis: Una llamada a la renovación constante (Ap 3: 1-6) -- Filadelfia: Una puerta abierta ( Ap 3, 7-13) -- Laodicea: Cualesquiera que sean nuestras limitaciones, no tenemos que ser tibios (Ap 3, 14-22) -- La primera razón de alabanza: el don de la vida (Ap 4: 1-11) -- La segunda razón para la alabanza: el cordero que salva por el sufrimiento (Ap 5: 1-14) | ||
| 563 | _aTapa rústica | ||
| 630 | 7 |
_aBiblia. _pApocalipsis _xCrítica, interpretación, etc. |
|
| 906 |
_a7 _bcbc _corignew _d1 _eocip _f19 _gy-gencatlg |
||
| 942 | _cBK | ||